LEADER 01399nam a2200301 4500 001 000000362412 003 CaOOAMICUS 005 20250407112904.0 008 250402s1997 it a 000 u ita r 020 $a88-7219-028-2 040 $aSeMil$bita 100 1 $aChateillon, Sébastien <1515-1563>.$0(OLS)http://semarc/name/23853 240 13$aDe haereticis, an sint persequendi.$0(OLS)http://semarc/title/453311 245 13$aLa persecuzione degli eretici /$cSébastien Castellion ; con introduzione di Stefano Visentin. 264 1$aTorino :$bLa Rosa,$c1997. 300 $aLXXXVII, 157 p. :$bill. ;$c21 cm 490 1 $aLibertà nella Storia ;$v8 650 4$aCastellion, Sébastien - Opere.$0(OLS)http://semarc/subject/57390 650 4$aEretici - Persecuzioni.$0(OLS)http://semarc/subject/57391 700 1 $aVisentin, Stefano,$d<1963- >.$0(OLS)http://semarc/name/121817 830 0$aLibertà nella Storia ;$v8.$0(OLS)http://semarc/title/453315 850 $aSeMil 852 $aSeMil$W1$xVenegono$y1$m3C II 112$j255804$B253326$CSeMilBibl$Z2$F253326 $81 961 $aBuzzi mons. Franco - Omaggio 996 $6020$a88-7219-028-2$9(OLS)http://semarc/number/302902 996 $6245$aLa persecuzione degli eretici$9(OLS)http://semarc/title/453312 996 $6264$aTorino :$bLa Rosa$9(OLS)http://semarc/publisher/34454 LEADER 01096nam a2200265 4500 001 000000348789 003 CaOOAMICUS 005 20211203123512.0 008 211203s1999 it 000 u ita r 020 $a88-215-4123-1 040 $aSeMil$bita 100 1 $aPersico, Elena : da,$c.$0(OLS)http://semarc/name/20108 245 10$aPensieri sparsi /$cElena da Persico. 264 1$aCinisello Balsamo :$bSan Paolo,$c1999. 300 $a126 p. ;$c16 cm 490 1 $aPiccola spiritualità ;$v4 650 4$aPersico, Elena : da - Spiritualità.$0(OLS)http://semarc/subject/33537 830 0$aPiccola spiritualità ;$v4.$0(OLS)http://semarc/title/34759 850 $aSeMil 852 $aSeMil$W1$xVenegono$y1$m3H I 601$j230908$B239887$CSeMilBibl$Z2$F239887 $81 961 $aConti don Gildo - Omaggio 996 $6020$a88-215-4123-1$9(OLS)http://semarc/number/294801 996 $6245$aPensieri sparsi$9(OLS)http://semarc/title/438258 996 $6264$aCinisello Balsamo :$bSan Paolo$9(OLS)http://semarc/publisher/30129